La carrière de Gonzalo Higuain - Statistiques

Statistiques générales
  • Ce quiz a été pris 43 fois
  • Le résultat moyen est 5 sur 7
Statistiques - réponses
Année Match But Club % Correct
2006 - 2013 264 121 Real Madrid
95%
2016 - 2020 149 66 Juventus FC
93%
2013 - 2016 146 91 SSC Naples
84%
-> 2018 - 2019 22 8 AC Milan
60%
2020 - 2022 70 29 Inter Miami
60%
-> 2019 18 5 Chelsea FC
56%
2005 - 2006 41 15 River Plate
56%
Aucun quiz correspondant
Distribution des résultats
% des personnes avec chaque résultat
Percentile par nombre de réponses
Votre historique - résultats
Vous n’avez pas pris ce quiz